| 000 | 00579nam a2200169Ia 4500 | ||
|---|---|---|---|
| 003 | IN-BaIIA | ||
| 008 | 211028s9999 xx s 000 0 eng d | ||
| 020 | _a9780819413925 (Print) | ||
| 040 | _cIIA Library | ||
| 100 |
_aBirch, James, ed. _941218 |
||
| 245 | 0 |
_a18th International Conference on Infrared and Millimeter Waves _h[eBook] |
|
| 260 |
_aWashington, USA _bSPIE _c1993 |
||
| 300 | _aOnline resource | ||
| 490 | _aProceedings of SPIE; V. 2104 | ||
| 856 |
_uhttps://www.spiedigitallibrary.org/conference-proceedings-of-spie/2104 _yClick Here to Access eBook |
||
| 942 | _cEB | ||
| 999 |
_c22592 _d22592 |
||